Vie des martyrs (Record no. 58415)

MARC details
000 -LEADER
campo de control de longitud fija 00511nam a2200181 i 4500
001 - NÚMERO DE CONTROL
campo de control 58415
003 - IDENTIFICADOR DE NÚMERO DE CONTROL
campo de control ES-MaACL
005 - FECHA Y HORA DE LA ÚLTIMA TRANSACCIÓN
campo de control 20250916063042.0
007 - CAMPO FIJO DE DESCRIPCIÓN FÍSICA--INFORMACIÓN GENERAL
campo de control de longitud fija t|
008 - DATOS DE LONGITUD FIJA--INFORMACIÓN GENERAL
campo de control de longitud fija 031022s1925 fr ||||1| fre d
100 1# - ENTRADA PRINCIPAL--NOMBRE DE PERSONA
Nombre de persona Duhamel, Georges,
Fechas asociadas al nombre 1884-1966
9 (RLIN) 45938
245 10 - MENCIÓN DEL TÍTULO
Título Vie des martyrs
Resto del título : 1914-1916 /
Mención de responsabilidad, etc. Georges Duhamel.
250 ## - MENCION DE EDICION
Mención de edición 63eme ed.
260 ## - PUBLICACIÓN, DISTRIBUCIÓN, ETC.
Lugar de publicación, distribución, etc. [S.l. :
Nombre del editor, distribuidor, etc. s.n.,
Fecha de publicación, distribución, etc. 1925] (
Lugar de fabricación/manufactura Poitiers :
Fabricante Marc Texier)
300 ## - DESCRIPCIÓN FÍSICA
Extensión 245 p. ;
Dimensiones 19 cm.
852 ## - LOCALIZACIÓN
Ubicación ES-MaACL
Número de control de estantería F-888
Holdings
Estatus retirado Estado de pérdida Estado de daño No para préstamo Biblioteca de origen Biblioteca actual Ubicación en estantería Fecha de adquisición Fuente de adquisición Total de préstamos Signatura topográfica completa Código de barras Visto por última vez Precio de reemplazo Tipo de ítem Koha
        Biblioteca del Ateneo de Madrid Biblioteca del Ateneo de Madrid Depósito 2 17/01/2008     F-888 1061294 23/02/2023 23/02/2023 Libro impreso